000 00414nam a2200181Ia 4500
001 14681
005 20260306164932.0
008 260306t2009||||xx |||||||||||||| ||spa||
041 _aESP
082 _a515.63
_bL25
100 _aLarson, Edwards
_eAUT
245 0 _aCalculo de varias variables
260 _c2009
300 _a293páginas :
_c
650 _aGEN
654 _aCMA
942 _cLIB
_dJUS
_fJUS
_2ddc
_n
999 _c14681
_d14681